Music Quiz

Random Music or Bands Quiz

Bands with colorful lyrics Quiz Stats

 Plays Quiz not verified by Sporcle

Support Sporcle.
Go Orange.
Score 0/25 Timer 06:00
0 Plays Today
Lyric Band % Correct
Back in BLACK, I hit the sack, I've been too long I'm glad to be back AC/DC
91.8%
We all live in YELLOW submarine, YELLOW submarine, YELLOW submarineBeatles
91%
PURPLE Haze was in my brain, lately things don't seem the sameJimi Hendrix
86.9%
And honey, I say Little RED Corvette, baby, U're much 2 fast Prince
86.9%
I only wanted to one time see you laughing. I only wanted to see you laughing in the PURPLE rain.Prince
86.9%
Goodbye, RUBY Tuesday. Who could hang a name on you? When you change with every new day Rolling Stones
86.1%
It's a nice day to start again, it's a nice day for a WHITE weddingBilly Idol
82%
But, if you're thinkin' about my baby, it doesn't matter if you're BLACK or WHITEMichael Jackson
82%
But don't you step on my BLUE suede shoes. You can do anything but lay off of my BLUE suede shoes.Elvis Presley
82%
So goodbye YELLOW brick road, where the dogs of society howl, you can't plant me in your penthouseElton John
80.3%
Slipping and a-sliding, all along the waterfall, with you, my BROWN-eyed girlVan Morrison
77.9%
RED, RED wine, goes to my head, makes me forget that, still need her so UB40
70.5%
No one knows what it's like to be the bad man. To be the sad man behind BLUE eyesThe Who
66.4%
Lyric Band % Correct
In the WHITE room with BLACK curtains near the station. BLACKroof country, no GOLD pavements, tired starlings.Cream
55.7%
And he's bad, bad Leroy BROWN. The baddest man in the whole damn town.Jim Croce
48.4%
When logic and proportion, have fallen sloppy dead, and the WHITE Knight is talking backwards, and the RED Queen's 'off with her head!'Jefferson Airplane
47.5%
Old BLACK water, keep on rollin'. Mississippi moon, won't you keep on shinin' on me.Doobie Brothers
45.1%
Shoefly, dragonfly, get back t'your mother. Pick up a flat rock, skip it across GREEN River.Creedence Clearwater Revivial
43.4%
Oh well anyway, sorry that you feel that way. Every SILVER linings got a touch of GREY. I will get by, I will get by, I will get by, I will survive.Grateful Dead
39.3%
Mr. Saturday night special, got a barrel that's BLUE and cold. Ain't no good for nothin' Lynyrd Skynyrd
37.7%
So I'm gonna let it do all the talking. I came across a place in the middle of nowhere, with a big BLACK horse and a cherry tree.KT Tunstall
36.9%
BLACK velvet and that little boy smile. BLACK velvet with that slow southern style. A new religion that'll bring you to your knees.Alannah Myles
32%
BLUE morning, BLUE day, won't you see things my way? BLUE morning, can't you see what your love has done to me?Foreigner
29.5%
And I tread a troubled track, my odds are stacked, I'll go back to BLACKAmy Winehouse
27.9%
Give me SILVER, BLUE and GOLD, the color of the sky I'm told, my rainbow is overdueBad Company
16.4%

You're not logged in!

Compare scores with friends on all Sporcle quizzes.
OR
Log In

From the Vault

5 by 5 Famous Names III

by lolshortee

Shouldn’t the middle square be a free space?
Remove Ads.
Support Sporcle.
Get the best of Sporcle when you Go Orange. This ad-free experience offers more features, more stats, and more fun while also helping to support Sporcle. Thank you for becoming a member.

Show Comments

Extras

Top Quizzes Today


Score Distribution

Your Account Isn't Verified!

In order to create a playlist on Sporcle, you need to verify the email address you used during registration. Go to your Sporcle Settings to finish the process.

Report this User

Report this user for behavior that violates our Community Guidelines.

Details: